000 00317nam a22001457a 4500
020 _a978-93-81735-60
082 _a650.03
_bMAN
100 _aMANGAL, RAKESH
245 _aCULINARY TERMS (A TO Z)
260 _aDELHI
_bNAMAN
_c2011
300 _a335
650 _aHOTEL MANAGEMENT
653 _aTERM
942 _2ddc
_cBK
999 _c8073
_d8073